Nickelodeon Cartoons - Statistiken

Allgemein
  • Dieses Quiz wurde 60 mal gespielt
  • Das Durchschnittsergebnis liegt bei 7 aus 66
Antwortstatistiken
Erstausstrahlung Serie % Korrekt
1999 SpongeBob Schwammkopf
82%
2001 Cosmo und Wanda – Wenn Elfen helfen
47%
2024 Cosmo & Wanda – Ein neuer Wunsch
47%
2002 Jimmy Neutron
44%
2016 Willkommen bei den Louds
36%
2004 Danny Phantom
33%
1998 CatDog
31%
2005 Avatar – Der Herr der Elemente
24%
2004 / 2011 Winx Club
24%
2014 Die Brot-Piloten
20%
1996 Hey Arnold!
20%
1991 Rugrats
20%
2021 Rugrats
20%
2019 Die Casagrandes
18%
1991 Ren und Stimpy
18%
2009 Die Pinguine aus Madagascar
16%
1991 Doug
16%
2010 T.U.F.F. Puppy
16%
2018 Der Aufstieg der Teenage Mutant Ninja Turtles
13%
2024 Die Abenteuer der Teenage Mutant Ninja Turtles
13%
1997 Die Biber Brüder
13%
2021 Die Patrick Star Show
13%
2021 Kamp Koral: SpongeBobs Kinderjahre
13%
2012 Teenage Mutant Ninja Turtles
13%
2003 All Grown Up – Fast erwachsen
11%
2018 Die Abenteuer von Kid Danger
11%
1998 Expedition der Stachelbeeren
9%
2010 Fanboy & Chum Chum
9%
2010 Planet Max
9%
2003 Teenage Robot
9%
2002 Chalk Zone – Die Zauberkreide
7%
2012 Die Legende von Korra
7%
2001 Invader Zim
7%
2011 Kung Fu Panda
7%
1993 Rockos modernes Leben
7%
2024 Schere, Stein, Papier
7%
2007 Barnyard - Der tierisch verrückte Bauernhof
4%
2008 Mighty B! Hier kommt Bessie
4%
2022 Monster High
4%
2007 Tak und die Macht des Juju
4%
1994 Aaahh!!! Monster
2%
2007 El Tigre: Die Abenteuer des Manny Rivera
2%
2005 Familie X – In geheimer Mission
2%
2015 Harveys schnabelhafte Abenteuer
2%
1996 KaBlam!
2%
2012 Robot and Monster
2%
1999 Rocket Power
2%
2013 Sanjay & Craig
2%
2022 Transformers: EarthSpark
2%
2025 Wylde Pak
2%
1997 Action League Now!
0%
2022 Big Nate
0%
2017 Bunsen ist ein Biest
0%
2020 Das ist Pony!
0%
2000 Gingers Welt
0%
2020 Glitch Techs
0%
2005 Katzekratz
0%
2024 Max & the Midknights
0%
2021 Middlemost Post
0%
2013 Monsters vs. Aliens
0%
1998 Oh Yeah! Cartoons
0%
2019 Pinky Malinky
0%
2008 Random! Cartoons
0%
2015 Schwein Ziege Banane Grille
0%
2021 Star Trek: Prodigy
0%
2017 Willkommen im Wayne
0%
Keine übereinstimmenden Quizze gefunden
Verteilung der Resultate
Anzahl Personen mit jedem Resultat
Perzentil nach korrekt beantworteten Fragen
Ihre Resultats-Entwicklung
Sie haben dieses Quiz noch nicht gespielt